000 00433nam a2200181Ia 4500
001 15335
005 20260306170148.0
008 260306t2010||||xx |||||||||||||| ||und||
041 _aESP
082 _a532
_bG72
100 _aGonzález Pérez, José
_eAUT
245 0 _aPrincipios de mecánica de fluidos
260 _c2010
300 _a313 páginas :
_c24 cm.
650 _aGEN
654 _aCCN
942 _cLIB
_dJUS
_fJUS
_2ddc
_n
999 _c15335
_d15335